[Event "IND-ch 60th"]
[Site "Pune"]
[Date "2023.08.17"]
[Round "2"]
[White "Devesh, Anand Naik"]
[Black "Iniyan, Panneerseluam"]
[Result "0-1"]
[WhiteElo "1846"]
[BlackElo "2502"]
[PlyCount "96"]
[EventDate "2023.08.16"]
[EventType "swiss"]
[EventRounds "11"]
[EventCountry "IND"]
[SourceTitle "CBM 216 Extra"]
[Source "ChessBase"]
[SourceDate "2023.11.30"]
[SourceVersion "1"]
[SourceVersionDate "2023.11.30"]
[SourceQuality "1"]

1. d4 Nf6 2. Bf4 e6 3. e3 c5 4. c3 Nc6 5. Nd2 Be7 6. Bd3 d6 7. Ngf3 Nh5 8. Bg3 h6 9. Qe2 a6 10. a4 b6 11. Nh4 Nxg3 12. hxg3 g5 13. Nhf3 g4 14. Nh2 f5 15. f3 h5 16. Nhf1 Bf6 17. e4 cxd4 18. exf5 Kf7 19. Qe4 d5 20. fxe6+ Bxe6 21. Qg6+ Ke7 22. Rxh5 Ne5 23. Rxh8 Qxh8 24. Qh7+ Qxh7 25. Bxh7 dxc3 26. bxc3 Rh8 27. Bc2 gxf3 28. gxf3 Nxf3+ 29. Ke2 Bxc3 30. Ra3 Nd4+ 31. Kd3 Bb2 32. Ra2 Bf5+ 33. Ke3 Nxc2+ 34. Kf4 Nb4 35. Rxb2 Nd3+ 36. Kxf5 Rf8+ 37. Kg5 Nxb2 38. Ne3 Ke6 39. a5 bxa5 40. Nb3 Nc4 41. Nc2 Ke5 42. Ncd4 a4 43. Nc6+ Kd6 44. Nbd4 Ne5 45. Nf5+ Rxf5+ 46. Kxf5 Nxc6 47. g4 a3 48. g5 a2 0-1

[Event "Pune All India op 3rd"]
[Site "Pune"]
[Date "2019.04.30"]
[Round "4"]
[White "Devesh, Anand Naik"]
[Black "Harikrishnan, A Ra"]
[Result "0-1"]
[WhiteElo "1880"]
[BlackElo "2407"]
[PlyCount "138"]
[EventDate "2019.04.29"]
[EventType "swiss"]
[EventRounds "8"]
[EventCountry "IND"]
[SourceTitle "CBM 190 Extra"]
[Source "ChessBase"]
[SourceDate "2019.07.15"]
[SourceVersion "1"]
[SourceVersionDate "2019.07.15"]
[SourceQuality "1"]

1. e4 Nc6 2. Nf3 d6 3. d4 Nf6 4. Nc3 Bg4 5. Be2 e5 6. dxe5 dxe5 7. Bg5 Bb4 8. Qxd8+ Rxd8 9. Bxf6 gxf6 10. Bb5 Rd6 11. Rd1 a6 12. Bxc6+ Rxc6 13. Rd3 Bxc3+ 14. bxc3 Be6 15. a3 Rg8 16. g3 Rc4 17. Nd2 Ra4 18. c4 Ke7 19. Rc3 Rd8 20. Ke2 b6 21. Rb1 Rd4 22. Rb4 Ra5 23. c5 Rxc5 24. Rxc5 bxc5 25. Rb7 Kd7 26. Rb1 Ra4 27. Ra1 f5 28. f3 Rd4 29. c3 Rd6 30. Rb1 Kc8 31. Rb2 f6 32. Rb1 Rb6 33. Ke3 Kd7 34. Kd3 Ke7 35. Ke3 Kd7 36. Kd3 Rd6+ 37. Ke2 Kc8 38. Rb2 Rd8 39. Rb1 h5 40. Rg1 c4 41. Rc1 f4 42. Rd1 Rd3 43. Nb1 Re3+ 44. Kf2 Rxf3+ 45. Kxf3 Bg4+ 46. Kf2 fxg3+ 47. hxg3 Bxd1 48. Nd2 Bb3 49. Kg2 Kb7 50. Kh3 Kc6 51. Kh4 Kb5 52. Kxh5 Ka4 53. Kg6 Kxa3 54. Kxf6 Kb2 55. g4 Kxc3 56. Nf3 Kd3 57. g5 c3 58. g6 c2 59. Ne1+ Kxe4 60. Nxc2 Bxc2 61. g7 Bb3 62. Ke7 Kf5 63. Kf8 e4 64. g8Q Bxg8 65. Kxg8 e3 66. Kh8 Kg6 67. Kg8 e2 68. Kh8 e1Q 69. Kg8 Qe8# 0-1

[Event "Mumbai Wealth op U13 4th"]
[Site "Mumbai"]
[Date "2019.01.07"]
[Round "9"]
[White "Devesh, Anand Naik"]
[Black "Pranav, V."]
[Result "0-1"]
[WhiteElo "1763"]
[BlackElo "2314"]
[PlyCount "104"]
[EventDate "2018.12.30"]
[EventType "swiss"]
[EventRounds "9"]
[EventCountry "IND"]
[SourceTitle "CBM 188 Extra"]
[Source "ChessBase"]
[SourceDate "2019.02.28"]
[SourceVersion "1"]
[SourceVersionDate "2019.02.28"]
[SourceQuality "1"]

1. Nf3 Nf6 2. g3 d6 3. d4 g6 4. Bg2 Bg7 5. 0-0 0-0 6. Nbd2 Nbd7 7. e4 e5 8. c3 Qe7 9. Re1 b6 10. a4 a6 11. b3 Bb7 12. Bb2 Rae8 13. Ba3 c5 14. dxe5 dxe5 15. Qc2 Rd8 16. Rad1 b5 17. Nh4 Nb8 18. Nf1 b4 19. Bb2 Nc6 20. c4 Nd4 21. Bxd4 cxd4 22. Re2 Nd7 23. Nf3 Nc5 24. Ne1 f5 25. exf5 Bxg2 26. Nxg2 d3 27. Rxd3 Rxd3 28. fxg6 hxg6 29. Nf4 Rxf4 30. gxf4 e4 31. Ng3 Qd7 32. Rxe4 Nxe4 33. Nxe4 Qg4+ 34. Ng3 Qd1+ 35. Qxd1 Rxd1+ 36. Kg2 Rd3 37. c5 Rxb3 38. Ne4 Rc3 39. Nxc3 bxc3 40. c6 c2 41. c7 c1Q 42. c8Q+ Qxc8 43. a5 Kf7 44. f5 Kf6 45. h4 Ke5 46. f6 Bf8 47. h5 Kf4 48. hxg6 Qg4+ 49. Kf1 Kf3 50. g7 Bb4 51. g8Q Qxg8 52. f7 Qg2# 0-1

[Event "Mumbai Wealth rating op 4th"]
[Site "Mumbai"]
[Date "2019.01.04"]
[Round "6"]
[White "Devesh, Anand Naik"]
[Black "Amrit, Raunak"]
[Result "1-0"]
[WhiteElo "1763"]
[BlackElo "1410"]
[PlyCount "73"]
[EventDate "2018.12.30"]
[EventType "swiss"]
[EventRounds "9"]
[EventCountry "IND"]
[SourceTitle "CBM 188 Extra"]
[Source "ChessBase"]
[SourceDate "2019.02.28"]
[SourceVersion "1"]
[SourceVersionDate "2019.02.28"]
[SourceQuality "1"]

1. e4 e5 2. Nf3 Nc6 3. Bb5 a6 4. Ba4 b5 5. Bb3 Nf6 6. d3 h6 7. 0-0 Bc5 8. c3 d6 9. h3 0-0 10. Re1 Bb7 11. Nbd2 Ne7 12. d4 exd4 13. cxd4 Bb4 14. Bc2 Ng6 15. a3 Bxd2 16. Bxd2 Re8 17. d5 Ne5 18. Bc3 Ng6 19. Nd4 Nd7 20. Qd2 Nde5 21. f4 Nc4 22. Qf2 Qd7 23. Qg3 Qe7 24. Nf5 Qd8 25. Bxg7 Kh7 26. Qg4 Nxf4 27. Qxf4 Qg5 28. Qxg5 hxg5 29. Bc3 Kg8 30. Rf1 Bc8 31. Nh6+ Kh7 32. Nxf7 Ne3 33. Rf2 Kg6 34. Rf6+ Kh7 35. Rh6+ Kg8 36. Nxg5 Kf8 37. Bf6 1-0

[Event "Mumbai Wealth op U13 4th"]
[Site "Mumbai"]
[Date "2019.01.03"]
[Round "5"]
[White "Devesh, Anand Naik"]
[Black "Parab, Ram Vishal"]
[Result "1-0"]
[WhiteElo "1763"]
[BlackElo "1242"]
[PlyCount "91"]
[EventDate "2018.12.30"]
[EventType "swiss"]
[EventRounds "9"]
[EventCountry "IND"]
[SourceTitle "CBM 188 Extra"]
[Source "ChessBase"]
[SourceDate "2019.02.28"]
[SourceVersion "1"]
[SourceVersionDate "2019.02.28"]
[SourceQuality "1"]

1. e4 e5 2. Nf3 Nc6 3. Bb5 Bc5 4. 0-0 Nf6 5. d3 d6 6. c3 0-0 7. h3 Bd7 8. Nbd2 Qe7 9. Re1 a6 10. Ba4 Rfe8 11. Nf1 h6 12. Ng3 Rad8 13. d4 Bb6 14. Bc2 exd4 15. cxd4 Ba5 16. Bd2 Bxd2 17. Qxd2 Qf8 18. a3 a5 19. d5 Ne5 20. Nxe5 Rxe5 21. f4 Ree8 22. Qxa5 b6 23. Qc3 Rc8 24. Qd3 g6 25. Kh2 Qg7 26. Bb3 Nh7 27. Re3 Qxb2 28. Rae1 Qxa3 29. e5 dxe5 30. fxe5 Kg7 31. e6 Ba4 32. Qd4+ f6 33. Bxa4 Qe7 34. Bxe8 Rxe8 35. Qg4 Ng5 36. Qf4 b5 37. Rc3 Rc8 38. d6 Qf8 39. d7 Rd8 40. e7 Qg8 41. exd8Q Qxd8 42. Qxc7 Qxc7 43. Rxc7 b4 44. d8Q+ Nf7 45. Rxf7+ Kxf7 46. Re7# 1-0

[Event "Mumbai Wealth rating op 4th"]
[Site "Mumbai"]
[Date "2019.01.02"]
[Round "4"]
[White "Sairaj, Dilip Vernekar"]
[Black "Devesh, Anand Naik"]
[Result "0-1"]
[WhiteElo "1445"]
[BlackElo "1763"]
[PlyCount "120"]
[EventDate "2018.12.30"]
[EventType "swiss"]
[EventRounds "9"]
[EventCountry "IND"]
[SourceTitle "CBM 188 Extra"]
[Source "ChessBase"]
[SourceDate "2019.02.28"]
[SourceVersion "1"]
[SourceVersionDate "2019.02.28"]
[SourceQuality "1"]

1. e4 e6 2. d4 d5 3. Bd3 Nf6 4. e5 Nfd7 5. Nf3 c5 6. c3 Nc6 7. 0-0 Be7 8. Bb5 a6 9. Bxc6 bxc6 10. Be3 0-0 11. Nbd2 a5 12. Nb3 c4 13. Nc1 Qc7 14. Ne2 c5 15. Qc2 Ba6 16. Rfe1 Rab8 17. Rab1 Rb6 18. Ng3 Rfb8 19. Ng5 Nf8 20. dxc5 Bxc5 21. Bxc5 Qxc5 22. Nf3 Qc7 23. Qd2 Qe7 24. Ne2 Qb7 25. Ned4 Rxb2 26. Rxb2 Qxb2 27. Nc6 Qxd2 28. Nxd2 Rb2 29. Nf3 Rxa2 30. Ne7+ Kh8 31. Ng5 g6 32. Nxf7+ Kg7 33. Ng5 Bb5 34. Rc1 Bd7 35. Re1 h6 36. Nf3 Kf7 37. Nxd5 exd5 38. Nd4 Ne6 39. Nxe6 Kxe6 40. f4 Rb2 41. Ra1 a4 42. Ra3 Rb3 43. Ra1 Rxc3 44. Kf2 a3 45. g3 Rb3 46. Kg2 Rb2+ 47. Kf3 a2 48. g4 c3 49. Kg3 c2 50. Kh4 g5+ 51. fxg5 hxg5+ 52. Kh5 Be8+ 53. Kxg5 Rb1 54. Rxa2 c1Q+ 55. Kh4 Qe1+ 56. Kh3 Rb3+ 57. Kg2 Qe4+ 58. Kf2 Qe3+ 59. Kg2 Qf3+ 60. Kg1 Rb1# 0-1

[Event "Mumbai Wealth op U13 4th"]
[Site "Mumbai"]
[Date "2018.12.30"]
[Round "1"]
[White "Saukhya, Savant"]
[Black "Devesh, Anand Naik"]
[Result "0-1"]
[WhiteElo "1122"]
[BlackElo "1763"]
[PlyCount "98"]
[EventDate "2018.12.30"]
[EventType "swiss"]
[EventRounds "9"]
[EventCountry "IND"]
[SourceTitle "CBM 188 Extra"]
[Source "ChessBase"]
[SourceDate "2019.02.28"]
[SourceVersion "1"]
[SourceVersionDate "2019.02.28"]
[SourceQuality "1"]

1. e4 c5 2. c3 e6 3. d4 d5 4. e5 Nc6 5. Nf3 Qb6 6. Bd3 cxd4 7. cxd4 Bd7 8. 0-0 Nxd4 9. Nxd4 Qxd4 10. Re1 Qb6 11. Nc3 Bc5 12. Qf3 Ne7 13. Rb1 Bb4 14. Bd2 Bc6 15. a3 Bxc3 16. bxc3 Qc5 17. Ra1 d4 18. Qg3 dxc3 19. Be3 Qa5 20. Rec1 0-0-0 21. Bg5 Rhe8 22. Bc4 Rd4 23. Ba2 Nf5 24. Qxc3 Qxc3 25. Rxc3 Rg4 26. Bc1 Rxg2+ 27. Kf1 Rxh2 28. Bb2 Rd8 29. Ke2 Nd4+ 30. Ke3 Rh3+ 31. Kd2 Nb3+ 32. Kc2 Rxc3+ 33. Bxc3 Nxa1+ 34. Bxa1 Bd5 35. Bxd5 Rxd5 36. Bb2 h5 37. Bc3 h4 38. f3 Rc5 39. Kd3 h3 40. Bd4 Rc1 41. Be3 Ra1 42. Bd4 Rxa3+ 43. Bc3 h2 44. Kd2 h1Q 45. Bb2 Rxf3 46. Bc3 Qg2+ 47. Kd1 Rf1+ 48. Be1 a5 49. Kc1 Rxe1# 0-1